00645nam a22002057a 450000500170000001000110001702000100002803500110003803700160004904000120006508200130007710000220009024501220011226000300023427000500026430000250031450000410033965000240038065000350040420170124110108.0 a473964 c00.00 a473964 bCen Lib/Ret aDPLbEN a921bCHI aChincholkar, L. G aA critical study of Aurobindo :cby L. G. Chincholkarbwith special reference to his concept of spiritual evolution / aNagpurbL. G. Chincholkar aAnanta Bhuwan, Tikekar Road, DhantolibNagpur aii,214p. c22cm(Hb) aIncludes bibliographical references  aFilosofía hindú aGhose, Aurobindo, -- 1872-1950